Breaking the silence : the German who exposed the final solution

Αποθηκεύτηκε σε:
Λεπτομέρειες βιβλιογραφικής εγγραφής
Κύριος συγγραφέας: Laqueur, Walter 1921-
Άλλοι συγγραφείς: Breitman, Richard 1947-
Μορφή: Βιβλίο
Γλώσσα:English
Δημοσίευση: Hanover : Brandeis University Press, 1994
Σειρά:Tauber Institute for the Study of European Jewry series ; ; 18
Θέματα:
Ετικέτες: Προσθήκη ετικέτας
Δεν υπάρχουν, Καταχωρήστε ετικέτα πρώτοι!

MARC

LEADER 00000nam a2200000 i 4500
001 1/7632
008 970530s1994 eng d
020 |a 0-87451-672-2 
035 |l 10016776 
040 |a GR-MY-UA  |b gre  |e aacr 
041 0 |a eng 
082 0 |a 940.5318092 
100 1 |a Laqueur, Walter  |d 1921- 
245 1 0 |a Breaking the silence :  |b the German who exposed the final solution /  |c Walter Laqueur and Richard Breitman 
260 |a Hanover :   |b Brandeis University Press,   |c 1994 
300 |a 312 p. 
490 1 |a Tauber Institute for the Study of European Jewry series  |v ; 18 
504 |a Includes bibliographical references and index 
600 1 0 |a Schulte Eduard  |d 1891-1966. 
650 0 0 |a Holocaust, Jewish (1939-1945)  |x Censorship. 
650 0 0 |a Righteous Gentiles in the Holocaust  |z Germany  |x Biography. 
650 0 0 |a Spies  |z Germany  |x Biography. 
650 0 0 |a World War, 1939-1945  |x Secret service. 
700 1 |a Breitman, Richard  |d 1947- 
830 0 |a Tauber Institute for the Study of European Jewry series ;  |v ; 18 
852 |a INST  |b LESVOS  |e 19970530  |h 940.5318092 LAQ  |p 005100011120  |q 005100011120  |t BK  |y 0 
909 |a Λ  |b 049664 
950 |a 089/1996-02-06